1517 1592 1812 1542 1579 1031 1188 1317 1832 1340 1125 1034 1037 1444 1397 1639 1530 1134 1704 1124 1618 1378 1936 1775 1312 1659 1249 1863 1100 1585 1200 1412 1454 1070 1223 1440 1351 1648 1513 1054 1538 1262 1407 1075 1431 1003 1885 1361 1963 1496 1627 1027 1755 1265 1098 1091 1032 1424 1478 1947 1159 1540 1366 1383 1332 1514 1816 1938 1216 1838 1523 1951 1282 1996 1874 1669 1892 1077 1109 1586 1340 1400 1641 1726 1540 1171 1492 1619 1497 1536 1555 1404 1413 1704 1943 1964 1390 1438 1701 BCNSPRNW ULIB Ver.6.0+V

เปลี่ยนเป็นภาษาไทย

Change to English
 แสดงรายละเอียดบรรณานุกรม
  กลับหน้าหลัก

Brief Record : Get Marc (ISO 2709) : E-mail record : QR code < ปิดหน้าต่าง
LEADER : 00000nam 2200000uu 4500
001    13399110474
003     ULIB
008    110601s2008||||th 000 0 eng d
020    076374686x
024    9780763746865
060  4 WY160.5^bL129p^c2008
100 0  Laccetti, Margaret Saul and Kazanowski Mary K.
245 00 Quick look nursing:pain management^c Margaret Saul Laccetti and Mary K.Kazanowski.
250    2nd ed.
260    Sudbury,Massachusetts:^bJones and bartlett publishers,^c2008
300    250 p.
650  4 Pain
650  4 Pain^xnursing
945    ^p2000^l0^i030107
995    Kesorn
999 ^a ใช้งานได้ทุกระบบ
รายการนี้ยังไม่มีแท็ก
คุณยังไม่ได้ล็อกอิน คุณสามารถมีกิจกรรมร่วมกับเว็บไซต์ได้ แต่ต้องล็อกอินก่อน ::
  ล็อกอิน

รายการสื่อสารสนเทศ

ลำดับที่ ประเภท เลขเรียก/บาร์โค้ด สถานที่ สถานะ
- ไม่พบข้อมูล -

รายการใกล้เคียง
    หัวเรื่อง [Pain]

BibComment


ยังไม่เคยถูกคอมเมนท์

คอมเมนท์ทรัพยากรรายการนี้
  คอมเมนท์: Quick look nursin..


 Copyright 2026. Bcnsprnw @Library